| 000 | 00581nam a22001937a 4500 | ||
|---|---|---|---|
| 003 | NUST - PNEC | ||
| 005 | 20170116180936.0 | ||
| 008 | 150906b xxu||||| |||| 00| 0 eng d | ||
| 020 | _a008040510X | ||
| 020 | _a0080407358 | ||
| 040 | _cLIBRARY | ||
| 082 | _a621.3121 BEI | ||
| 100 |
_98564 _aBritish Electricity International |
||
| 245 |
_aModern power station practice : Incorporating modern power system practice: Vol M _cBritish Electricity International |
||
| 250 | _a3rd ed. Vol M | ||
| 260 | _cc.1992 | ||
| 650 |
_98567 _aElectric power-plants _xEE |
||
| 942 |
_2ddc _cBK |
||
| 999 |
_c66069 _d66069 |
||